MyGZULibrary

Ndakagara ndazviona / (Record no. 5129)

MARC details
000 -LEADER
fixed length control field 00789cam a2200253 a 4500
001 - CONTROL NUMBER
control field 1122661
003 - CONTROL NUMBER IDENTIFIER
control field GZU
005 - DATE AND TIME OF LATEST TRANSACTION
control field 20210329125434.0
008 - FIXED-LENGTH DATA ELEMENTS--GENERAL INFORMATION
fixed length control field 930604s1990 rh 000 1 sna
010 ## - LIBRARY OF CONGRESS CONTROL NUMBER
LC control number 93983025
020 ## - INTERNATIONAL STANDARD BOOK NUMBER
International Standard Book Number 0949225762
040 ## - CATALOGING SOURCE
Original cataloging agency DLC
Transcribing agency DLC
Modifying agency DLC
050 00 - LIBRARY OF CONGRESS CALL NUMBER
Classification number PL8681.9.M774
Item number N28 1990
100 1# - MAIN ENTRY--PERSONAL NAME
Personal name Mukonoweshuro, Sharai.
245 10 - TITLE STATEMENT
Title Ndakagara ndazviona /
Statement of responsibility, etc. Sharai Mukonoweshuro.
260 ## - PUBLICATION, DISTRIBUTION, ETC.
Place of publication, distribution, etc. Harare, Zimbabwe :
Name of publisher, distributor, etc. Zimbabwe Pub. House,
Date of publication, distribution, etc. 1990.
300 ## - PHYSICAL DESCRIPTION
Extent 141 p. ;
Dimensions 19 cm.
440 #0 - SERIES STATEMENT/ADDED ENTRY--TITLE
Title ZPH writers series ;
Volume/sequential designation 39
500 ## - GENERAL NOTE
General note A novel.
500 ## - GENERAL NOTE
General note In Shona.
906 ## - LOCAL DATA ELEMENT F, LDF (RLIN)
a 7
b cbc
c orignew
d 3
e ncip
f 19
g y-gencatlg
942 ## - ADDED ENTRY ELEMENTS (KOHA)
Source of classification or shelving scheme Library of Congress Classification
Koha item type Books
Classification part 8681
Item part MUK
Call number prefix PL
Call number suffix 1990
Holdings
Withdrawn status Lost status Damaged status Not for loan Collection code Home library Current library Shelving location Date acquired Total Checkouts Full call number Barcode Date last seen Date last checked out Copy number Price effective from Koha item type
        Fiction City Campus Library City Campus Library General Stacks 03/29/2021 1 PL8681.9 MUK 1990 006405 12/16/2024 12/06/2024 c.1 03/29/2021 Books